000 00804nam a2200229Ia 4500
999 _c65233
_d65233
005 20240530110814.0
008 140319s2002 au a f b 000 0 ara d
017 _a2002/18168
_bمصر. دار الكتب
020 _a9773053423
040 _aGCL /
_cGCL
082 0 4 _221
_a791.45092 /
_bم م
100 0 _aماجدة موريس
245 1 0 _aمبدعات تلفزيونيات :
_bجيل الستينيات /
_cماجدة موريس
250 _aط.1
260 _aالقاهرة :
_bالمجلس الاعلى للثقافة،
_c2002 .
300 _a439 ص. :
_bايض. ؛
_c24 سم+
_eملحق صور
650 0 7 _aالتليفزيون
_2qrmak
650 0 7 _aالنساء
_2qrmak
_zمصر
_vتراجم
651 _2qrmak
942 _2ddc
_cBK